书目信息 |
| 题名: |
戴尔帝国
|
|
| 作者: | 张世国 著 | |
| 分册: | ||
| 出版信息: | 北京 中国商业出版社 2004.10 |
|
| 页数: | 349页 | |
| 开本: | 21cm | |
| 丛书名: | ||
| 单 册: | ||
| 中图分类: | F278.9 | |
| 科图分类: | ||
| 主题词: | 电子计算机工业--工业企业管理--经验--美国 , 工业企业管理 | |
| 电子资源: | ||
| ISBN: | 7-5044-5197-5 | |
| 000 | 00795nam0 2200241 45 | |
| 001 | 012004000000 | |
| 005 | 20050112152857.81 | |
| 010 | @a7-5044-5197-5@dCNY 23.80 | |
| 100 | @a20041101d2004 em y0chiy0121 ea | |
| 101 | 0 | @achi |
| 102 | @aCN@b110000 | |
| 105 | @aa z 000yy | |
| 200 | 1 | @a戴尔帝国@Adai er di guo@dDell empire@e微利时代的铁血赢家@eDirect and low price made powerful dell@f张世国著@zeng |
| 210 | @a北京@c中国商业出版社@d2004.10 | |
| 215 | @a349页@c图@d21cm | |
| 510 | 1 | @aDell empire@eDirect and low price made powerful dell@zeng |
| 517 | 1 | @a微利时代的铁血赢家 |
| 606 | 0 | @a电子计算机工业@x工业企业管理@x经验@y美国 |
| 606 | 0 | @a工业企业管理 |
| 690 | @aF278.9@v4 | |
| 701 | 0 | @a张世国@Azhang shi guo@4著 |
| 801 | 0 | @aCN@bQSSKxf@c20050112 |
| 905 | @a10447@dF278.9@eZ172 | |
| 戴尔帝国=Dell empire:微利时代的铁血赢家:Direct and low price made powerful dell/张世国著.-北京:中国商业出版社,2004.10 |
| 349页:图;21cm |
| ISBN 7-5044-5197-5:CNY 23.80 |
| ● |
| 相关链接 |
|
|
|
正题名:戴尔帝国
索取号:F278.9/Z172
 
预约/预借
| 序号 | 登录号 | 条形码 | 馆藏地/架位号 | 状态 | 备注 |
| 1 | 436354 | 204363544 | 社科库409/409社科库 96排4列4层/ [索取号:F278.9/Z172] | 在馆 | |
| 2 | 436355 | 204363553 | 社科库409/409社科库 96排4列4层/ [索取号:F278.9/Z172] | 在馆 | |
| 3 | 436356 | 204363562 | 社科库409/409社科库 96排4列4层/ [索取号:F278.9/Z172] | 在馆 |